| 000 | 00901nam a2200229 a 4500 | ||
|---|---|---|---|
| 001 | 39104 | ||
| 003 | BD-RjUL | ||
| 005 | 20211209052922.0 | ||
| 008 | 160404s1997||||bg ||| 00| 0 ben d ben | ||
| 020 |
_a9840735934 _c: Tk. 70.00 |
||
| 035 | _a(BD-RjUL)39216 | ||
| 040 |
_aBD-RjUL _bben _cBD-RjUL |
||
| 041 | _aben | ||
| 082 |
_223 _a398.095492 _bCHL 1997. |
||
| 100 |
_aচেীধুরী, আবুল আহসান _9120672 |
||
| 245 | 1 | 0 |
_aলোকসংস্কৃতি- বিবেচনা ও অন্যান্য প্রসঙ্গ / _c আবুল আহসান চেীধুরী |
| 260 |
_aঢাকা : _bবাংলা একাডেমী, _c১৯৯৭. |
||
| 300 |
_a[১০], ১২৬ পৃ.; _c২১ সেমি. |
||
| 650 |
_aলোকসাহিত্য-বাংলাদেশ _9120673 |
||
| 650 |
_aFolk - Bangladesh _9120674 |
||
| 942 |
_2ddc _cBK _01 |
||
| 999 |
_c39104 _d39104 |
||